[Event "Ì15Ï"]
[Site "Loo"]
[Date "2017.04.22"]
[Round "3.54"]
[White "Îíèùåíêî, Ãåííàäèé."]
[Black "Ïðèøèáèëîâè÷, Ìàòâåé."]
[Result "1/2-1/2"]
[WhiteElo "1451"]
[BlackElo "1664"]
[PlyCount "104"]
[EventDate "2017.04.20"]

1. d4 d5 2. Nf3 Nf6 3. e3 Bf5 4. c4 c6 5. Nc3 e6 6. Bd2 Be7 7. Be2 O-O 8. Nh4
Be4 9. Nxe4 Nxe4 10. Nf3 Nd7 11. O-O f5 12. Bc3 Bd6 13. Nd2 Qc7 14. f4 g5 15.
Nxe4 fxe4 16. c5 Be7 17. Bg4 gxf4 18. Bxe6+ Kh8 19. Bxd7 Qxd7 20. Rxf4 Bg5 21.
Rxf8+ Rxf8 22. Qe2 Qf5 23. Bd2 Qg6 24. Rf1 Bf6 25. Be1 Rg8 26. Bg3 Bg7 27. Rf4
b6 28. Rg4 Qf7 29. Bd6 bxc5 30. Bxc5 Rb8 31. b3 a5 32. Rf4 Qg6 33. Qf2 Bh6 34.
Rh4 Rg8 35. Rh3 Bg5 36. Bb6 Qe6 37. Rg3 Qe7 38. Bc5 Qe6 39. h4 Be7 40. Rxg8+
Kxg8 41. Qg3+ Kf7 42. Qc7 Qf6 43. Bxe7 Qxe7 44. Qxc6 Qd8 45. h5 Qg5 46. Qd7+
Kg8 47. Qh3 Kg7 48. Kf2 Qf6+ 49. Ke2 Qa6+ 50. Kf2 Qf6+ 51. Kg3 Qd6+ 52. Kf2
Qf6+ 1/2-1/2

[Event "Ì15Ï"]
[Site "Loo"]
[Date "2017.04.22"]
[Round "3.55"]
[White "Áîéêî, Èãîðü."]
[Black "Ìóðòàçèí, Ðàèô."]
[Result "1-0"]
[WhiteElo "1649"]
[BlackElo "1373"]
[PlyCount "103"]
[EventDate "2017.04.20"]

1. Nf3 Nf6 2. c4 e6 3. e3 d5 4. Nc3 c6 5. Be2 Bd6 6. b3 Nbd7 7. Bb2 O-O 8. Qc2
h6 9. h3 dxc4 10. bxc4 Qe7 11. d4 b6 12. O-O Bb7 13. e4 Ba3 14. e5 Ne8 15. Bxa3
Qxa3 16. Rfd1 Qe7 17. Qe4 Rb8 18. Qe3 Nc7 19. Ne4 Ne8 20. c5 f5 21. exf6 Ndxf6
22. Nxf6+ Nxf6 23. Bc4 Rfe8 24. Re1 Nd5 25. Bxd5 cxd5 26. cxb6 axb6 27. Qb3 Ba6
28. Ne5 Qd6 29. Qa4 Ra8 30. Rec1 Be2 31. Qc2 Bb5 32. Qb2 Ba4 33. Rab1 b5 34.
Rc6 Qe7 35. Rbc1 Ra7 36. Nd3 Qf6 37. Nc5 Raa8 38. Re1 Kf7 39. Re5 Rad8 40. Qe2
Ra8 41. g3 Ra7 42. Rcxe6 Rxe6 43. Nxe6 b4 44. Nf4 b3 45. Nxd5 Qd6 46. axb3 Bxb3
47. Qf3+ Kg8 48. Qxb3 Ra1+ 49. Kg2 Kh7 50. Qd3+ Kg8 51. Ne7+ Kf8 52. Qf5+ 1-0

[Event "Ì15Ï"]
[Site "Loo"]
[Date "2017.04.22"]
[Round "3.56"]
[White "Æóðàâëåâ, Èãíàò."]
[Black "Ìõèòàðÿí, Êàðåí."]
[Result "1-0"]
[WhiteElo "1638"]
[BlackElo "1280"]
[PlyCount "79"]
[EventDate "2017.04.20"]

1. e4 c5 2. Nf3 e6 3. d4 cxd4 4. Nxd4 Nf6 5. Bd3 Nc6 6. Nf3 Bc5 7. O-O d5 8.
exd5 Nxd5 9. c3 O-O 10. Qc2 h6 11. Rd1 Qc7 12. Nbd2 Rd8 13. Ne4 Be7 14. b3 b6
15. Bb2 Nf6 16. Nxf6+ Bxf6 17. Rd2 Bb7 18. Rad1 Ne5 19. Nxe5 Bxe5 20. h3 Kh8
21. Re2 Rac8 22. c4 Bxb2 23. Qxb2 Qc6 24. f3 Qc5+ 25. Kh1 Qd4 26. Qb1 Qf6 27.
Rf2 g5 28. Qc2 Kg7 29. Qb2 Rd4 30. Be2 Rxd1+ 31. Bxd1 Rd8 32. Qxf6+ Kxf6 33.
Bc2 Rd4 34. Kg1 Ke5 35. Re2+ Kd6 36. Kf2 f5 37. Ke3 Kc5 38. b4+ Kxc4 39. Bb3+
Kc3 40. Rc2+ 1-0

[Event "Ì15Ï"]
[Site "Loo"]
[Date "2017.04.22"]
[Round "3.57"]
[White "Ñåðàæèì, Ñòàíèñëàâ."]
[Black "Çàêèðîâ, Àðòóð."]
[Result "0-1"]
[WhiteElo "1040"]
[BlackElo "1619"]
[PlyCount "88"]
[EventDate "2017.04.20"]

1. e4 e5 2. Nf3 Nc6 3. Nc3 g6 4. Bb5 Bg7 5. d3 a6 6. Bxc6 bxc6 7. Be3 Ne7 8.
O-O O-O 9. Qd2 Bb7 10. Bh6 d6 11. h3 c5 12. Bxg7 Kxg7 13. Rfe1 Qd7 14. Qg5 Rae8
15. Qg4 Qxg4 16. hxg4 h6 17. g5 hxg5 18. Nxg5 Nc6 19. Nd5 Nd4 20. Rac1 f6 21.
Nf3 Nxf3+ 22. gxf3 Bxd5 23. exd5 Rh8 24. Kg2 Rh4 25. Re4 Reh8 26. Rxh4 Rxh4 27.
Rh1 Rxh1 28. Kxh1 Kh6 29. Kg2 Kg5 30. Kg3 Kf5 31. c4 a5 32. a3 Kg5 33. b3 Kf5
34. a4 g5 35. f4 exf4+ 36. Kf3 Ke5 37. Ke2 g4 38. f3 g3 39. Kf1 Kd4 40. Ke2 f5
41. Kd2 g2 42. Kc2 g1=Q 43. Kb2 Kxd3 44. Ka3 Qa1# 0-1

[Event "Ì15Ï"]
[Site "Loo"]
[Date "2017.04.22"]
[Round "3.59"]
[White "Àíòîíîâ, Àíäðåé."]
[Black "Áóðäèí, Øàõðîì."]
[Result "1/2-1/2"]
[WhiteElo "1373"]
[BlackElo "1579"]
[PlyCount "89"]
[EventDate "2017.04.20"]

1. e4 e5 2. f4 d6 3. Nf3 Nc6 4. Bc4 Nf6 5. Nc3 Bg4 6. O-O Be7 7. h3 Bd7 8. d3
O-O 9. Nd5 Be6 10. Nxf6+ Bxf6 11. Bxe6 fxe6 12. fxe5 Nxe5 13. Nxe5 Bxe5 14. c3
Bf6 15. Qb3 Qc8 16. Be3 Kh8 17. Rf3 b6 18. Raf1 Qd7 19. Bg5 Be7 20. Bxe7 Rxf3
21. Rxf3 Qxe7 22. d4 h6 23. Qc4 a5 24. Qf1 Kg8 25. Qc4 Rf8 26. Rxf8+ Kxf8 27.
Qf1+ Qf6 28. Qxf6+ gxf6 29. Kf2 Kg7 30. Kf3 Kg6 31. Kf4 e5+ 32. dxe5 dxe5+ 33.
Kf3 c6 34. a4 h5 35. b4 Kg5 36. g3 Kg6 37. h4 f5 38. Ke3 Kf6 39. Kf3 c5 40.
bxc5 bxc5 41. c4 fxe4+ 42. Kxe4 Ke6 43. Ke3 Kf5 44. Kf3 e4+ 45. Ke3 1/2-1/2

[Event "Ì15Ï"]
[Site "Loo"]
[Date "2017.04.22"]
[Round "3.61"]
[White "Ìåäâåäåâ, Äàâèä."]
[Black "Øïóðîâ, Àëåêñàíäð."]
[Result "0-1"]
[WhiteElo "1488"]
[BlackElo "1237"]
[PlyCount "72"]
[EventDate "2017.04.20"]

1. d4 Nf6 2. Nf3 g6 3. Bf4 d6 4. e3 Bg7 5. Bd3 Nbd7 6. c3 Nh5 7. Bg3 Nxg3 8.
hxg3 O-O 9. Nbd2 c5 10. O-O d5 11. Qe2 c4 12. Bc2 b5 13. e4 e6 14. exd5 exd5
15. Rfe1 Nf6 16. Qe7 Qxe7 17. Rxe7 Be6 18. Ng5 Rfe8 19. Rxe8+ Rxe8 20. Nxe6
fxe6 21. f4 Ng4 22. Re1 a5 23. a3 Kf7 24. Nf3 h6 25. Nh4 Rb8 26. Bxg6+ Kf6 27.
Bh5 b4 28. axb4 axb4 29. Bxg4 bxc3 30. bxc3 Rb3 31. Rxe6+ Kf7 32. Re3 Bxd4 33.
Be6+ Kf6 34. Kf2 Bxe3+ 35. Kxe3 Rxc3+ 36. Kd4 Rd3+ 0-1

[Event "Ì15Ï"]
[Site "Loo"]
[Date "2017.04.22"]
[Round "3.62"]
[White "Íàãèáèí, Äàíèëà."]
[Black "Ìàðåâè÷åâ, Åãîð."]
[Result "1-0"]
[WhiteElo "1239"]
[BlackElo "1488"]
[PlyCount "71"]
[EventDate "2017.04.20"]

1. d4 Nf6 2. c4 c5 3. d5 b5 4. cxb5 a6 5. Nc3 g6 6. e4 d6 7. Bf4 Bg7 8. Nf3 O-O
9. Bd3 Bb7 10. O-O e6 11. dxe6 fxe6 12. Ng5 Qe7 13. Bc2 Nxe4 14. Ngxe4 Rxf4 15.
Qxd6 Qxd6 16. Nxd6 Bxc3 17. bxc3 Bd5 18. Rfe1 axb5 19. Nxb5 Rxa2 20. Rxa2 Bxa2
21. Nc7 Rf7 22. Nb5 Nd7 23. Nd6 Rf8 24. c4 Rf4 25. Rxe6 Bxc4 26. Re8+ Nf8 27.
Nxc4 Rxc4 28. Bb3 Kf7 29. Rxf8+ Kxf8 30. Bxc4 Ke7 31. Kf1 Kd6 32. Ke2 Ke5 33.
Ke3 g5 34. g3 g4 35. f4+ gxf3 36. Kxf3 1-0

[Event "Ì15Ï"]
[Site "Loo"]
[Date "2017.04.22"]
[Round "3.63"]
[White "Ãîçãåøåâ, Ýëüäàð."]
[Black "Êîäçîåâ, Àëåêñàíäð."]
[Result "0-1"]
[WhiteElo "1475"]
[BlackElo "1229"]
[PlyCount "68"]
[EventDate "2017.04.20"]

1. c4 Nf6 2. Nc3 d5 3. cxd5 Nxd5 4. d4 g6 5. g3 Bg7 6. Bg2 Nxc3 7. bxc3 c5 8.
Nf3 cxd4 9. cxd4 Nc6 10. e3 O-O 11. O-O Bd7 12. Rb1 b6 13. Bb2 e6 14. e4 Rc8
15. d5 Na5 16. Bxg7 Kxg7 17. Qd4+ f6 18. Rfc1 exd5 19. exd5 Rxc1+ 20. Rxc1 Kg8
21. Nd2 Be6 22. Nc4 Nb7 23. Rd1 Bd7 24. d6 Nc5 25. Nb2 Re8 26. Nd3 Nxd3 27.
Qxd3 Bf5 28. Qc4+ Kg7 29. Qc7+ Qxc7 30. dxc7 Bc8 31. Rd8 Re1+ 32. Bf1 Bh3 33.
Rg8+ Kh6 34. Rxg6+ hxg6 0-1

[Event "Ì15Ï"]
[Site "Loo"]
[Date "2017.04.22"]
[Round "3.64"]
[White "Òåáëîåâ, Ðóñòåì."]
[Black "Öàðüêîâ, Ìèõàèë."]
[Result "0-1"]
[WhiteElo "1234"]
[BlackElo "1471"]
[PlyCount "112"]
[EventDate "2017.04.20"]

1. d4 d5 2. c4 c6 3. Nc3 Nf6 4. Nf3 e6 5. Bg5 Nbd7 6. e3 Qa5 7. Qc2 Bb4 8. a3
Bxc3+ 9. bxc3 Ne4 10. cxd5 cxd5 11. Rc1 h6 12. Bf4 Qxa3 13. Bd3 O-O 14. Bxe4
dxe4 15. Nd2 f5 16. O-O Nb6 17. f3 exf3 18. Nxf3 Nd5 19. Rfe1 b6 20. c4 Nxf4
21. exf4 Qd6 22. Qd2 Bb7 23. Ne5 Rfd8 24. Red1 Bc6 25. Qe3 Be4 26. Qg3 a5 27.
Qg6 Rf8 28. c5 Qd5 29. cxb6 Rf6 30. Qg3 Kh7 31. Rc7 Rg8 32. b7 Qb5 33. Rdc1
Bxb7 34. Rf7 Rxf7 35. Nxf7 Qd7 36. Ne5 Qxd4+ 37. Kh1 Rf8 38. Qg6+ Kh8 39. Qxe6
Rf6 40. Qc4 Qxc4 41. Rxc4 Rb6 42. h3 Rb1+ 43. Kh2 Rb2 44. Rc7 Rxg2+ 45. Kh1 Be4
46. Nf7+ Kh7 47. Nd6 Rc2+ 48. Nxe4 Rxc7 49. Nd6 a4 50. Nb5 Rc4 51. Nd6 Rxf4 52.
Nb5 Rb4 53. Na3 Rb3 54. Nc4 a3 55. Nxa3 Rxh3+ 56. Kg2 Rxa3 0-1

[Event "Ì15Ï"]
[Site "Loo"]
[Date "2017.04.22"]
[Round "3.65"]
[White "Òèòîâè÷, Ìèõàèë."]
[Black "Âèòåð, Þðèé."]
[Result "1-0"]
[WhiteElo "1440"]
[BlackElo "1207"]
[PlyCount "85"]
[EventDate "2017.04.20"]

1. d4 d5 2. c4 e6 3. Nc3 c6 4. Nf3 Bd6 5. Bg5 Ne7 6. e3 O-O 7. Be2 Nd7 8. a3 f6
9. Bh4 e5 10. cxd5 cxd5 11. dxe5 fxe5 12. Bxe7 Bxe7 13. Qxd5+ Kh8 14. Nxe5 Nxe5
15. Qxe5 Bd6 16. Qd4 Qc7 17. Nb5 Qf7 18. Nxd6 Qxf2+ 19. Kd1 Be6 20. Kd2 Rad8
21. Raf1 Qxg2 22. Rhg1 Qd5 23. Qxd5 Bxd5 24. Rxf8+ Rxf8 25. Ke1 Rf6 26. Rf1
Rxf1+ 27. Kxf1 Kg8 28. Kf2 Kf8 29. Bf3 Bxf3 30. Kxf3 a6 31. Nxb7 Ke7 32. Nc5 a5
33. Nb7 a4 34. Nc5 Kd6 35. Nxa4 Kc6 36. b4 Kb5 37. Nc3+ Kc4 38. b5 Kc5 39. e4
Kd6 40. b6 Kc6 41. Nd5 Kb7 42. e5 Kc8 43. e6 1-0

[Event "Ì15Ï"]
[Site "Loo"]
[Date "2017.04.22"]
[Round "3.66"]
[White "Áåëîâ, Ñòåïàí."]
[Black "Ôèðñòîâ, Òèìóð."]
[Result "1-0"]
[WhiteElo "1216"]
[BlackElo "1412"]
[PlyCount "113"]
[EventDate "2017.04.20"]

1. e4 c6 2. d4 d5 3. Nc3 dxe4 4. Nxe4 Nf6 5. Ng3 Bg4 6. Be2 Bxe2 7. N1xe2 e6 8.
Bg5 Be7 9. O-O O-O 10. Nc3 Nbd7 11. Nh5 Nxh5 12. Bxe7 Qxe7 13. Qxh5 Nf6 14. Qf3
Rad8 15. Ne2 Rd7 16. c3 Rfd8 17. Rfe1 c5 18. dxc5 Qxc5 19. Nd4 Qd5 20. Qf4 Qd6
21. Qh4 Qb6 22. Rab1 Nd5 23. Qg3 Nb4 24. Rbd1 Nc2 25. Re4 Nxd4 26. Rexd4 Rxd4
27. Rxd4 Rxd4 28. cxd4 Qd8 29. h3 h6 30. Qb3 b6 31. Qc4 Kf8 32. b4 Ke7 33. Kf1
Qd6 34. g3 Kd7 35. h4 Qc6 36. Qa6 Qc7 37. b5 Qc1+ 38. Kg2 Qc7 39. Qa4 Qb7+ 40.
Kg1 Qc7 41. Kg2 Kd6 42. Qb3 Qd7 43. Qd3 g6 44. Qe3 Qb7+ 45. Kg1 Kd7 46. Qxh6
Ke7 47. Qg7 Qd5 48. Qe5 Qxe5 49. dxe5 f6 50. exf6+ Kxf6 51. Kg2 Ke5 52. Kf3 Kf6
53. Ke4 e5 54. g4 g5 55. hxg5+ Kxg5 56. Kxe5 Kxg4 57. f4 1-0

[Event "Ì15Ï"]
[Site "Loo"]
[Date "2017.04.22"]
[Round "3.67"]
[White "Èëüþøèí, Òèìîôåé."]
[Black "Ïåòÿêîâ, Ýìèð."]
[Result "1-0"]
[WhiteElo "1376"]
[BlackElo "1191"]
[PlyCount "69"]
[EventDate "2017.04.20"]

1. d4 Nf6 2. Nf3 c6 3. c4 d5 4. e3 dxc4 5. Bxc4 e6 6. Nbd2 Bd6 7. b3 O-O 8. Bb2
a5 9. Bd3 Na6 10. O-O Nb4 11. Bb1 c5 12. a3 Nc6 13. Qc2 cxd4 14. exd4 Ne7 15.
Nc4 Bf4 16. Rd1 b5 17. d5 e5 18. Ncxe5 Bf5 19. Qe2 Bxb1 20. Raxb1 Re8 21. Qxb5
Rb8 22. Qa4 Bxe5 23. Nxe5 Qd6 24. Nc4 Qxd5 25. Rxd5 Nexd5 26. Nd6 Re2 27. Qc4
Re7 28. Nf5 Re4 29. Qd3 Rbe8 30. h3 Nf4 31. Qb5 Re2 32. Bxf6 gxf6 33. Nd6 R8e5
34. Qc4 Ne6 35. Qg4+ 1-0

[Event "Ì15Ï"]
[Site "Loo"]
[Date "2017.04.22"]
[Round "3.69"]
[White "Àðõèí÷ååâ, Âëàä."]
[Black "Òÿí, Îëåã."]
[Result "1/2-1/2"]
[WhiteElo "1285"]
[BlackElo "1136"]
[PlyCount "87"]
[EventDate "2017.04.20"]

1. e4 e5 2. Nf3 Nc6 3. Bc4 Nf6 4. d3 d5 5. exd5 Nxd5 6. Bxd5 Qxd5 7. Nc3 Qa5 8.
Bd2 Bg4 9. h3 Bh5 10. g4 Bg6 11. Ne4 Qb6 12. Bc3 O-O-O 13. Qe2 f6 14. O-O-O Nd4
15. Bxd4 exd4 16. Nfd2 Bb4 17. Nc4 Qa6 18. a3 Bd6 19. Qf3 Bxe4 20. Qxe4 g5 21.
Qf5+ Kb8 22. Rde1 Bf4+ 23. Kb1 Qc6 24. Re4 Rd5 25. Qe6 Rc5 26. Rhe1 a6 27. Qxc6
Rxc6 28. Rxd4 Rf8 29. Re7 h6 30. Rh7 Be5 31. Nxe5 fxe5 32. Re4 Rxf2 33. Rxe5
Rf3 34. Re8+ Ka7 35. Rc8 Kb6 36. Rg8 Rxh3 37. Rxg5 Rh1+ 38. Ka2 Ra1+ 39. Kxa1
hxg5 40. c3 Rf6 41. Rh3 Rf1+ 42. Ka2 Rg1 43. Rh6+ Ka7 44. Rg6 1/2-1/2

[Event "Ì15Â"]
[Site "Loo"]
[Date "2017.04.22"]
[Round "3.1"]
[White "Àâàëÿí, Àðòóð."]
[Black "Ïîãîñÿí, Ñòåôàí."]
[Result "1/2-1/2"]
[WhiteElo "2163"]
[BlackElo "2387"]
[PlyCount "84"]
[EventDate "2017.04.20"]

1. d4 Nf6 2. c4 g6 3. Nc3 Bg7 4. e4 d6 5. Be2 O-O 6. Bg5 Na6 7. Qd2 Qe8 8. Nf3
e5 9. d5 Nc5 10. Qc2 Nh5 11. Nd2 Nf4 12. Bf1 h6 13. Bh4 f5 14. f3 g5 15. Bf2
Qg6 16. Bxc5 dxc5 17. exf5 Bxf5 18. Nde4 h5 19. g3 Nh3 20. O-O-O Bh6 21. Kb1 b6
22. Bd3 Rf7 23. Rhf1 Raf8 24. Rde1 g4 25. fxg4 hxg4 26. Qe2 Kg7 27. Kc2 Ng5 28.
Rxf5 Qxf5 29. Nd6 Qxd3+ 30. Qxd3 cxd6 31. Ne4 Nf3 32. Rh1 Nd4+ 33. Kb1 Rf3 34.
Qd1 Nf5 35. a3 Rf7 36. Ka2 Be3 37. Qe2 Bd4 38. Rf1 Ne3 39. Rc1 Kf8 40. a4 Ke7
41. Re1 Kd7 42. Rc1 Kc7 1/2-1/2

[Event "Ì15Â"]
[Site "Loo"]
[Date "2017.04.22"]
[Round "3.2"]
[White "Íåñòåðîâ, Àðñåíèé."]
[Black "Ìóõóòäèíîâ, Òèãðàí."]
[Result "1-0"]
[WhiteElo "2324"]
[BlackElo "2136"]
[PlyCount "91"]
[EventDate "2017.04.20"]

1. d4 d5 2. c4 e6 3. Nc3 c6 4. e3 f5 5. Nf3 Bd6 6. Be2 Nf6 7. O-O O-O 8. Ne5
Nbd7 9. f4 Ne4 10. Nxe4 fxe4 11. cxd5 exd5 12. Rb1 a5 13. a3 a4 14. Bd2 c5 15.
Bc3 c4 16. Bg4 Nf6 17. Bxc8 Qxc8 18. Qe1 b5 19. Bb4 Qc7 20. g4 Nd7 21. Rd1 Nb8
22. f5 Nc6 23. Nxc6 Qxc6 24. Rf2 Qd7 25. Qd2 Qe7 26. Bxd6 Qxd6 27. Rdf1 h6 28.
Rg2 Qe7 29. Qf2 b4 30. axb4 a3 31. bxa3 Rxa3 32. h4 Rfa8 33. g5 hxg5 34. Rxg5
Ra2 35. f6 Qc7 36. f7+ Kf8 37. Qf4 Qxf4 38. Rxf4 Ra1+ 39. Kh2 R8a2+ 40. Kh3
Rh1+ 41. Kg4 Rg1+ 42. Kh5 Rxg5+ 43. hxg5 Rh2+ 44. Kg6 Rb2 45. Rh4 Rf2 46. Rh8+
1-0

[Event "Ì15Â"]
[Site "Loo"]
[Date "2017.04.22"]
[Round "3.3"]
[White "Êûòèí, Ìàêàð."]
[Black "Öîé, Äìèòðèé."]
[Result "0-1"]
[WhiteElo "2120"]
[BlackElo "2305"]
[PlyCount "82"]
[EventDate "2017.04.20"]

1. e4 d6 2. d4 Nf6 3. Nc3 Nbd7 4. Be3 e5 5. h3 Be7 6. g3 O-O 7. Bg2 a6 8. a4 c6
9. Nge2 Qc7 10. O-O Rb8 11. a5 Rd8 12. f4 b5 13. b3 b4 14. Na4 Rb5 15. c4 bxc3
16. Nexc3 Rb4 17. dxe5 dxe5 18. Qc2 Qb8 19. Nb6 Nc5 20. Na2 Nxb3 21. Nxb4 Nxa1
22. Rxa1 Bxb4 23. Qxc6 Bb7 24. Qc4 Bd2 25. Bxd2 Rxd2 26. Qc3 Rd8 27. fxe5 Nxe4
28. Bxe4 Bxe4 29. Re1 Bf5 30. Kh2 Rd3 31. Qb2 h6 32. Qf2 Be6 33. Re3 Qd8 34.
Rxd3 Qxd3 35. Na4 Qd1 36. Nc5 Bd5 37. g4 Qa1 38. Nd3 Qh1+ 39. Kg3 Qe4 40. Nf4
Qxe5 41. Qc5 g5 0-1

[Event "Ì15Â"]
[Site "Loo"]
[Date "2017.04.22"]
[Round "3.4"]
[White "Øóáèí, Êèðèëë."]
[Black "Øîáîåâ, Äàíäàð."]
[Result "1-0"]
[WhiteElo "2287"]
[BlackElo "2110"]
[PlyCount "81"]
[EventDate "2017.04.20"]

1. e4 e5 2. Nf3 Nc6 3. Bb5 Nf6 4. d3 Bc5 5. c3 O-O 6. Bxc6 dxc6 7. Nxe5 Re8 8.
Nf3 Bg4 9. O-O Qd7 10. d4 Bb6 11. e5 Nd5 12. a3 Ne7 13. h3 Bh5 14. Be3 Nd5 15.
c4 Nxe3 16. fxe3 Bxf3 17. Qxf3 c5 18. b4 cxd4 19. c5 dxe3 20. Qxe3 f6 21. cxb6
Rxe5 22. Qd2 Qxd2 23. Nxd2 axb6 24. Rf4 Rd8 25. Nf3 Re7 26. Rd4 Ra8 27. Kf2 c6
28. Rd3 Kf7 29. Rad1 Re6 30. Nd2 b5 31. Kf3 Kg6 32. Ne4 Kf5 33. Nd6+ Kg6 34.
Kf4 Re7 35. Nf5 Rf7 36. Rd7 Raf8 37. h4 h5 38. Rxf7 Rxf7 39. Re1 Rd7 40. Re7
Rxe7 41. Nxe7+ 1-0

[Event "Ì15Â"]
[Site "Loo"]
[Date "2017.04.22"]
[Round "3.5"]
[White "Ðåìèçîâ, ßðîñëàâ."]
[Black "Áåäåíêî, Íèêèòà."]
[Result "1-0"]
[WhiteElo "2218"]
[BlackElo "1966"]
[PlyCount "49"]
[EventDate "2017.04.20"]

1. e4 Nf6 2. e5 Nd5 3. Nc3 Nb6 4. f4 d6 5. Nf3 g6 6. d4 Bg7 7. Be3 O-O 8. Qd2
f6 9. exd6 exd6 10. O-O-O f5 11. h4 h5 12. d5 N8d7 13. Ng5 Nf6 14. Bxb6 axb6
15. Bc4 Bh6 16. Rde1 Bxg5 17. hxg5 Nd7 18. g4 fxg4 19. Re6 Kf7 20. Rxh5 Rh8 21.
Rxh8 Qxh8 22. Qe3 Qd8 23. Bd3 Nf8 24. Rf6+ Kg7 25. Qd4 1-0

[Event "Ì15Â"]
[Site "Loo"]
[Date "2017.04.22"]
[Round "3.6"]
[White "Æàêàìóõîâ, Ýäóàðä."]
[Black "Ìàêàðÿí, Ðóäèê."]
[Result "1/2-1/2"]
[WhiteElo "1919"]
[BlackElo "2207"]
[PlyCount "88"]
[EventDate "2017.04.20"]

1. e4 c5 2. Nf3 e6 3. b3 Nc6 4. Bb2 d6 5. Be2 Nf6 6. d3 Be7 7. O-O O-O 8. Nbd2
d5 9. Ne5 Nxe5 10. Bxe5 Nd7 11. Bb2 d4 12. a4 e5 13. Bg4 g6 14. Bxd7 Bxd7 15.
Nc4 Qc7 16. Bc1 f5 17. Bh6 Rf7 18. exf5 gxf5 19. Qe2 Bf6 20. f4 e4 21. dxe4
fxe4 22. Qxe4 Re8 23. Qd5 Bc6 24. Rae1 Rd8 25. Qh5 Re7 26. Ne5 Rde8 27. Ng4 Qd6
28. Nxf6+ Qxf6 29. Re5 Kh8 30. Rf3 Qg6 31. Qxg6 hxg6 32. Rg3 Rxe5 33. fxe5 Rxe5
34. Kf2 Kh7 35. Bd2 b5 36. Rh3+ Kg8 37. Rg3 Kf7 38. axb5 Bxb5 39. c4 Bc6 40.
Rg5 Rxg5 41. Bxg5 a5 42. Bd8 a4 43. bxa4 Bxa4 44. Bb6 Bb3 1/2-1/2

[Event "Ì15Â"]
[Site "Loo"]
[Date "2017.04.22"]
[Round "3.7"]
[White "Êàçüìèí, Ñåìåí."]
[Black "Êîëäàåâ, Äóíãàð."]
[Result "0-1"]
[WhiteElo "2167"]
[BlackElo "1988"]
[PlyCount "68"]
[EventDate "2017.04.20"]

1. e4 e6 2. d4 d5 3. Nc3 Nf6 4. e5 Nfd7 5. f4 c5 6. Nf3 Nc6 7. Be3 cxd4 8. Nxd4
Qb6 9. Bb5 a6 10. Na4 Qa5+ 11. Bd2 Qc7 12. Bxc6 bxc6 13. Qh5 Nc5 14. Nc3 g6 15.
Qg5 Be7 16. Qg3 Bb7 17. a4 Nd7 18. a5 c5 19. Nf3 h6 20. O-O O-O-O 21. Na4 Rdg8
22. Rfb1 g5 23. fxg5 hxg5 24. Nxg5 Bxg5 25. Bxg5 f6 26. Nb6+ Nxb6 27. axb6 Qb8
28. Qf2 Rxg5 29. Qxc5+ Kd7 30. Re1 Rxe5 31. g3 Qd6 32. Qf2 Rg5 33. Qxf6 Qxb6+
34. Kf1 Rf5+ 0-1

[Event "Ì15Â"]
[Site "Loo"]
[Date "2017.04.22"]
[Round "3.8"]
[White "Âîëêîâ, Àíäðåé."]
[Black "Âîëîâè÷, Âàñèëèé."]
[Result "0-1"]
[WhiteElo "2005"]
[BlackElo "2152"]
[PlyCount "88"]
[EventDate "2017.04.20"]

1. e4 e6 2. d4 d5 3. Nd2 Nc6 4. Ngf3 Nf6 5. e5 Nd7 6. Be2 f6 7. exf6 Qxf6 8.
Nf1 Bd6 9. Ne3 O-O 10. O-O Qg6 11. c4 Ne7 12. c5 Bf4 13. Nc2 Bxc1 14. Rxc1 Qf6
15. Ne3 c6 16. Ng4 Qf4 17. Nge5 Ng6 18. Nxg6 hxg6 19. Qc2 e5 20. Qxg6 e4 21. g3
Qf6 22. Qxf6 Rxf6 23. Ng5 b6 24. Bg4 Nf8 25. Bxc8 Rxc8 26. f3 Ne6 27. Nxe6 Rxe6
28. Rfe1 bxc5 29. Rxc5 Rb8 30. Rc2 Rb4 31. Rd1 exf3 32. Kf2 Re4 33. Rcd2 Kf7
34. Kxf3 Ke6 35. b3 Kd6 36. Rd3 g5 37. h3 a5 38. a3 Rb8 39. R1d2 Re1 40. Re2
Rf8+ 41. Kg4 Rxe2 42. Kxg5 Rg8+ 43. Kh4 Rh8+ 44. Kg4 Re4+ 0-1

[Event "Ì15Â"]
[Site "Loo"]
[Date "2017.04.22"]
[Round "3.9"]
[White "Ñêà÷êîâ, Âàëåðèé."]
[Black "Ìóòîâèí, Åãîð."]
[Result "1-0"]
[WhiteElo "2149"]
[BlackElo "1915"]
[PlyCount "55"]
[EventDate "2017.04.20"]

1. d4 Nf6 2. c4 e6 3. Nf3 d5 4. Nc3 c6 5. e3 Nbd7 6. Qc2 Bd6 7. Bd3 O-O 8. O-O
dxc4 9. Bxc4 e5 10. Rd1 Qc7 11. h3 h6 12. a4 Re8 13. a5 Nf8 14. dxe5 Bxe5 15.
Nxe5 Qxe5 16. b4 Qg5 17. Kf1 Qh4 18. Rd4 Qh5 19. Bb2 Ng6 20. Ne2 Be6 21. Bd3
Rad8 22. Rd1 Qg5 23. f4 Qh5 24. Bxg6 fxg6 25. Rxd8 Bxh3 26. Rxe8+ Kh7 27. Bxf6
Qf3+ 28. Ke1 1-0

[Event "Ì15Â"]
[Site "Loo"]
[Date "2017.04.22"]
[Round "3.10"]
[White "Åðèöÿí, Àðàì."]
[Black "Êóëàåâ, Ìàêñèì."]
[Result "1-0"]
[WhiteElo "2372"]
[BlackElo "1849"]
[PlyCount "67"]
[EventDate "2017.04.20"]

1. e4 c5 2. Nf3 d6 3. d4 cxd4 4. Nxd4 Nf6 5. f3 a6 6. c4 e6 7. Nc3 Qc7 8. Be3
Be7 9. Be2 O-O 10. O-O b6 11. Qd2 Bb7 12. Rfc1 Nbd7 13. a4 Nc5 14. b4 e5 15.
Nd5 Bxd5 16. cxd5 exd4 17. Bxd4 Nfd7 18. bxc5 bxc5 19. f4 Rfe8 20. Bc3 Bf6 21.
Bd3 c4 22. Bxf6 Qa7+ 23. Kh1 cxd3 24. Bb2 Nc5 25. Rxc5 Qxc5 26. Qxd3 Qb4 27.
Bd4 Rac8 28. Rd1 Qxa4 29. e5 Qc2 30. Qf3 Rc4 31. h3 Qa4 32. Qd3 Rb8 33. e6 Rc2
34. Qf3 {äàëåå çàïèñü íåðàçáîð~~èâà} 1-0

[Event "Ì15Â"]
[Site "Loo"]
[Date "2017.04.22"]
[Round "3.11"]
[White "Øóìèëîâ, Äåìüÿí."]
[Black "Ìóðòàçèí, Ðóñëàí."]
[Result "1-0"]
[WhiteElo "1984"]
[BlackElo "2344"]
[PlyCount "119"]
[EventDate "2017.04.20"]

1. d4 Nf6 2. c4 e6 3. Nc3 c5 4. e3 cxd4 5. exd4 Bb4 6. Bd3 O-O 7. Nge2 d5 8.
O-O Nc6 9. cxd5 exd5 10. Bg5 Be6 11. Rc1 Bd6 12. Kh1 h6 13. Bh4 Be7 14. Bb1 Qb6
15. Na4 Qb5 16. Bxf6 Bxf6 17. Rc5 Qa6 18. Bd3 b5 19. Bxb5 Qc8 20. Bxc6 Rb8 21.
Bxd5 Qd7 22. Bc6 Qd6 23. d5 Bf5 24. Ng3 Bg6 25. Rb5 Rbc8 26. Nc3 Qf4 27. a3 Be7
28. Rb7 Bd6 29. Qf3 Qh4 30. Rxa7 f5 31. Bd7 Rc4 32. Ra4 Rxa4 33. Nxa4 Kh7 34.
h3 Qc4 35. b3 Qc2 36. Ne2 Qd2 37. Nec3 f4 38. Qd1 Qxd1 39. Nxd1 Bxa3 40. Bb5 f3
41. Ndc3 Bc2 42. Bc4 g5 43. gxf3 Rxf3 44. Kg2 Rf8 45. Re1 h5 46. Nb5 Bb4 47.
Re2 Bd1 48. Re3 g4 49. hxg4 Bxg4 50. f3 Bc8 51. d6 Kh6 52. Rd3 Bf5 53. Rd1 Bd7
54. Nb6 Bc6 55. Rd3 Ba5 56. Nd5 Bd8 57. Ne7 Bd7 58. Nd4 Rf6 59. Ng8+ Kg5 60.
Nxf6 1-0

[Event "Ì15Â"]
[Site "Loo"]
[Date "2017.04.22"]
[Round "3.12"]
[White "Öûáèêîâ, Òóìýí."]
[Black "Øèäëîâñêèé, Àðòåìèé."]
[Result "0-1"]
[WhiteElo "2152"]
[BlackElo "1975"]
[PlyCount "62"]
[EventDate "2017.04.20"]

1. e4 c5 2. Nf3 d6 3. d4 cxd4 4. Nxd4 Nf6 5. Nc3 Nc6 6. Bg5 e6 7. Qd2 a6 8.
O-O-O h6 9. Nxc6 bxc6 10. Bh4 Be7 11. Bxf6 gxf6 12. f4 Rb8 13. Kb1 d5 14. Qd3
Qa5 15. f5 Bd6 16. b3 Be5 17. Ne2 Qa3 18. c3 c5 19. Nc1 c4 20. Qd2 Bb7 21. Be2
Rc8 22. fxe6 fxe6 23. Bh5+ Kf8 24. exd5 Bxd5 25. Bf3 cxb3 26. Bxd5 Bxc3 27. Qe2
bxa2+ 28. Bxa2 Rb8+ 29. Nb3 Rxb3+ 30. Bxb3 Qxb3+ 31. Kc1 Ke7 0-1

[Event "Ì15Â"]
[Site "Loo"]
[Date "2017.04.22"]
[Round "3.13"]
[White "Îñèïîâ, Äàíèèë."]
[Black "Êàìàåâ, Äæàáðàèë."]
[Result "1-0"]
[WhiteElo "2091"]
[BlackElo "1949"]
[PlyCount "61"]
[EventDate "2017.04.20"]

1. e4 e5 2. Nf3 Nc6 3. Bb5 a6 4. Ba4 Nf6 5. O-O Be7 6. Re1 b5 7. Bb3 d6 8. c3
O-O 9. h3 Na5 10. Bc2 c5 11. d4 Qc7 12. d5 Nb7 13. Nbd2 Ne8 14. Nf1 g6 15. a4
Rb8 16. b4 Bd7 17. Bd2 Ng7 18. Bd3 Ra8 19. Qe2 c4 20. Bc2 f5 21. exf5 gxf5 22.
Bh6 Bf6 23. Ng5 Qd8 24. h4 Qe7 25. Ng3 e4 26. Qd2 Be5 27. N3xe4 fxe4 28. Bxe4
Bf6 29. Nf3 Qd8 30. axb5 Bxb5 31. Bg5 {äàëåå çàïèñü íåðàçáîð~~èâà} 1-0

[Event "Ì15Â"]
[Site "Loo"]
[Date "2017.04.22"]
[Round "3.14"]
[White "Êîðåíü, Âëàäèìèð."]
[Black "Ïîñòíèêîâ, Ðîìàí."]
[Result "0-1"]
[WhiteElo "1947"]
[BlackElo "2081"]
[PlyCount "116"]
[EventDate "2017.04.20"]

1. e4 c5 2. Nf3 e6 3. d4 cxd4 4. Nxd4 Nc6 5. Nc3 d6 6. Be3 Nf6 7. g4 Nxd4 8.
Bxd4 e5 9. Bb5+ Bd7 10. Bxd7+ Qxd7 11. Be3 Qxg4 12. f3 Qe6 13. Qd3 a6 14. O-O-O
Be7 15. Bg5 Rd8 16. Bxf6 Bxf6 17. Nd5 O-O 18. Rhg1 Bh4 19. Rg4 Bf2 20. Qd2 Bc5
21. Qg5 g6 22. Nf6+ Kg7 23. Rh4 Be3+ 24. Qxe3 Kxf6 25. Rd5 h5 26. f4 exf4 27.
Qd4+ Ke7 28. Rxf4 f6 29. Rf3 Rd7 30. Rg3 Kf7 31. Rd3 Re8 32. Rf3 Kg7 33. b3 b5
34. Rf4 Rc8 35. Kb1 Rc6 36. Rf2 Rc5 37. Rxc5 dxc5 38. Qxc5 Qxe4 39. a3 g5 40.
Ka2 Rd1 41. Qc7+ Kg6 42. Qc8 Kf7 43. Qh8 Rd6 44. Qxh5+ Kg7 45. Re2 Qb7 46. h4
Qf7 47. Qg4 Qd7 48. Qg2 g4 49. Qg3 Rd1 50. Rg2 a5 51. Qe3 a4 52. h5 axb3+ 53.
cxb3 Qd6 54. Qc3 Kh6 55. Qc2 Rd3 56. Qf2 g3 57. Qe2 Qd4 58. Qb2 Kxh5 0-1